LEADER 00871cam0 2200277 450 001 E600200041935 005 20200723161058.0 100 $a20081107d1991 |||||ita|0103 ba 101 $aita 102 $aIT 200 1 $aAustria$f[testo e redazione Renato Scialpi] 205 $a4.ed 210 $aMilano$cTouring Club Italiano$d1991 215 $a353 p.$cill.$d23 cm 225 2 $aGuida d'Europa 410 1$1001LAEC00025758$12001 $a*Guida d'Europa 702 1$aScialpi, Renato$3A600200050863$4070 801 0$aIT$bUNISOB$c20200723$gRICA 850 $aUNISOB 852 $aUNISOB$j910|Coll|10|K$m67288 912 $aE600200041935 940 $aM 102 Monografia moderna SBN 941 $aM 957 $a910|Coll|10|K$b000036$gSi$d67288$racquisto$1catenacci$2UNISOB$3UNISOB$420081107085526.0$520200723161046.0$6Spinosa 996 $aAustria$9674739 997 $aUNISOB